000
00315nam a22001457a 4500
008
210427b ||||| |||| 00| 0 eng d
020
_a
0395527309
041
_a
eng
080
_a
902
082
_a
902
100
_a
45
101
_a
ARK
245
_a
Across the Centuries
_c
Beverly J. Armento
942
_2
udc
_c
BK
999
_c
56846
_d
56846